<?xml version="1.0" encoding="UTF-8"?>
<record
    xmlns:xsi="http://www.w3.org/2001/XMLSchema-instance"
    xsi:schemaLocation="http://www.loc.gov/MARC21/slim http://www.loc.gov/standards/marcxml/schema/MARC21slim.xsd"
    xmlns="http://www.loc.gov/MARC21/slim">

  <leader>00408nam a22001217a 4500</leader>
  <datafield tag="999" ind1=" " ind2=" ">
    <subfield code="c">9416</subfield>
    <subfield code="d">9416</subfield>
  </datafield>
  <controlfield tag="003">OSt</controlfield>
  <controlfield tag="008">201203b           ||||| |||| 00| 0 eng d</controlfield>
  <datafield tag="245" ind1=" " ind2=" ">
    <subfield code="a">Asian Dyer</subfield>
  </datafield>
  <datafield tag="250" ind1=" " ind2=" ">
    <subfield code="a">2013(Feb-Mar Vol.10 No.1, Apr-May Vol.10 No.2, Jun-Jul Vol.10 No.3, Aug-Sep Vol.10 No.4, Oct-Nov Vol.10 No.5) 2013-14(Dec-Jan Vol.10 No.6)</subfield>
  </datafield>
  <datafield tag="260" ind1=" " ind2=" ">
    <subfield code="a">Mumbai</subfield>
    <subfield code="b">Texchem Publication</subfield>
  </datafield>
  <datafield tag="650" ind1=" " ind2=" ">
    <subfield code="a">Textile Engineering</subfield>
  </datafield>
  <datafield tag="942" ind1=" " ind2=" ">
    <subfield code="2">ddc</subfield>
    <subfield code="c">BV</subfield>
  </datafield>
  <datafield tag="952" ind1=" " ind2=" ">
    <subfield code="0">0</subfield>
    <subfield code="1">0</subfield>
    <subfield code="2">ddc</subfield>
    <subfield code="3">Bound Volume</subfield>
    <subfield code="4">0</subfield>
    <subfield code="7">1</subfield>
    <subfield code="8">BTECHTE</subfield>
    <subfield code="a">PIET</subfield>
    <subfield code="b">PIET</subfield>
    <subfield code="d">2020-12-05</subfield>
    <subfield code="e">Texchem Publication</subfield>
    <subfield code="h">2013(Feb-Mar Vol.10 No.1, Apr-May Vol.10 No.2, Jun-Jul Vol.10 No.3, Aug-Sep Vol.10 No.4, Oct-Nov Vol.10 No.5) 2013-14(Dec-Jan Vol.10 No.6) </subfield>
    <subfield code="l">0</subfield>
    <subfield code="p">BV91</subfield>
    <subfield code="r">2020-12-05 00:00:00</subfield>
    <subfield code="w">2013-01-09</subfield>
    <subfield code="y">BV</subfield>
  </datafield>
</record>
